000 01772nam a2200301 i 4500
001 768714001
003 CO-MdFUSB
005 20241121121613.0
007 ta
008 160824t1984 sp ||||| |||| 00| 0 spa d
020 _a84-7228-833-1
040 _cCO-MdFUSB
_aCO-MdFUSB
_bspa
_dCO-MdFUSBC
_erda
041 0 _aspa
082 0 4 _a220.6
_223
_bM385
100 1 _aMartínez, José M.
_eautor
245 1 0 _aHermenéutica bíblica
_b: cómo Interpretar las Sagradas Escrituras
_c/ José M. Martínez
264 1 _aBarcelona, España :
_bCLIE,
_c[1984]
264 4 _c©1984
300 _a586 páginas
_c; 23 cm
336 _2rdacontent
_atexto
_btxt
337 _2rdamedia
_asin mediación
_bn
338 _2rdacarrier
_avolumen
_bnc
505 _gPrimera parte:
_tHermenéutica general:
_aConsideraciones fundamentales. -- Naturaleza y características de la Biblia. -- Métodos de interpretación Biblica. -- La interpretación liberal. -- Método teológico existencial. -- La nueva hermenéutica. -- Método gramático-histórico. -- Análisis lingüístico del texto. -- Contexto y pasajes paralelos. -- Lenguaje figurado. -- Tipos y símbolos. -- Estudio del fondo histórico. -- Interpretación teológica.
_gSegunda parte:
_tHermenéutica especial:
_aInterpretación del Antiguo Testamento. -- Textos narrativos. -- Textos proféticos. -- Textos poéticos. -- Libros sapienciales.
_gTercera parte:
_tHermenéutica especial:
_aInterpretación del Nuevo Testamento. -- Los evangelios. -- La persona de Jesucristo. -- Los milagros. -- Las enseñanzas de Jesús. -- Las parábolas. -- Hechos de los apóstoles. -- Epístolas. -- El Apocalipsis. -- Exégesis y actualización.
563 _aPasta dura
650 7 _aHermenéutica
_9418
942 _cBK
945 _aJTF-925
999 _c32941
_d32941